|
|
|
|
| LEADER |
00000nam0a2200000 4500 |
| 001 |
684844 |
| 005 |
20260213110302.0 |
| 090 |
|
|
|a 684844
|
| 100 |
|
|
|a 20260213d1975 k||y0rusy50 ca
|
| 101 |
0 |
|
|a rus
|
| 102 |
|
|
|a RU
|
| 105 |
|
|
|a a z 001yy
|
| 181 |
|
0 |
|a i
|b e
|
| 182 |
|
0 |
|a n
|
| 183 |
|
0 |
|a nc
|2 RDAcarrier
|
| 200 |
1 |
|
|a Методические рекомендации по геофизическим исследованиям при гидрогеологических работах в условиях Западно-Сибирского артезианского бассейна
|f сост. И. М. Мелькановицкий, Т. Н. Воронина
|g ВСЕГИНГЕО
|
| 203 |
|
|
|a Текст
|b визуальный
|c непосредственный
|
| 210 |
|
|
|a Москва
|c [б. и.]
|d 1975
|
| 215 |
|
|
|a 68 с.
|c ил.
|
| 283 |
|
|
|a volume
|2 RDAcarrier
|
| 320 |
|
|
|a Литература: с. 64-66
|
| 606 |
|
|
|a Геофизическая разведка
|9 34187
|
| 610 |
1 |
|
|a гидрогеология
|
| 610 |
1 |
|
|a геофизические исследования
|
| 610 |
1 |
|
|a пресные воды
|
| 610 |
1 |
|
|a термальные воды
|
| 610 |
1 |
|
|a промышленные воды
|
| 610 |
1 |
|
|a подземные воды
|
| 675 |
|
|
|a 550.83
|v 4
|
| 702 |
|
1 |
|4 220
|a Мелькановицкий
|b И. М.
|
| 702 |
|
1 |
|4 220
|a Воронина
|b Т. Н.
|
| 712 |
0 |
2 |
|a Всесоюзный научно-исследовательский институт инженерно-строительной гидротехники и инженерной гидрогеологии
|c (1931-1934)
|c (Москва)
|4 570
|9 28188
|
| 801 |
|
0 |
|a RU
|b 63413507
|c 20260213
|
| 830 |
|
|
|a Ретро2026Каталогизация Мотырева
|
| 850 |
|
|
|a 63413507
|
| 942 |
|
|
|c BK
|